000 00605nam a2200229Ia 4500
003 OSt
005 20220918230612.0
006 a|||||r|||| 00| 0
007 ta
008 220917b |||||||| |||| 00| 0 eng d
024 _a256,594
037 _cTextual
040 _aARTS
_cARTS
_beng
041 _2eng
_aeng
082 _aO11196,1N46x, L1
100 _aNtiru R C
_9152932
245 0 _aTensions
260 _aEast
_bAfrica East African Publishing House
_c1971
650 _aENGLISH LITERATURE
942 _hO11196,1N46x, L1
_cTEXL
_2CC
999 _c288508
_d288508